000 00774nam a22002295i 4500
001 176783
003 ES-MaACL
005 20230906220200.0
008 110209s1971 sp |||| | spa d
080 _a27-246
080 _a27-248.3
100 0 _aGnilka, Joachim.
_9145125
245 1 0 _aCarta a los filipenses /
_cJoachim Gnilka ; [versión castellana de Marciano Villanueva Salas].
260 _aBarcelona :
_bHerder,
_c1971.
300 _a80 p. ;
_c20 cm.
490 1 _aEl Nuevo Testamento y su mensaje ;
_v11
630 0 4 _aBiblia.
_pN. T.
_pFilipenses-
_vComentarios.
_9145126
700 1 _aGonzález Ruiz, José María.
_958943
830 0 _aEl Nuevo Testamento y su mensaje ;
_v11
_9190229
852 _aES-MaACL
_jE-14258
_xOlim P-1830
999 _c176783
_d176783